| 000 | 00354nam a22001577a 4500 | ||
|---|---|---|---|
| 003 | SGT | ||
| 020 | _a978-1-4557-5117-4 | ||
| 082 | _a616.3, G15G | ||
| 100 | _aGORE, RICHARD M. | ||
| 245 | _aTB. OF GASTROINTESTINAL RADIOLOGY | ||
| 250 | _a4TH | ||
| 260 |
_aPHILADELPHIA _bELSEVIER _c2015 |
||
| 300 | _a1151 | ||
| 650 | _aRADIOLOGY | ||
| 942 |
_2ddc _cBK |
||
| 999 |
_c8445 _d8445 |
||